书目信息 |
| 题名: |
2008全国硕士研究生入学统一考试政治理论考试大纲解析
|
|
| 作者: | ;教育部社会科学司、教育部考试中心 | |
| 分册: | ||
| 出版信息: | 北京 高等教育出版社 2007.07 |
|
| 页数: | 327页 | |
| 开本: | 26cm | |
| 丛书名: | ||
| 单 册: | ||
| 中图分类: | DO | |
| 科图分类: | ||
| 主题词: | 政治 | |
| 电子资源: | ||
| ISBN: | 7-04-021370-2 | |
| 000 | 00761nam0 2200193 450 | |
| 001 | 0853162239 | |
| 005 | 20080620165343.90 | |
| 010 | @a7-04-021370-2@dCNY38.00 | |
| 100 | @a20080605d2007 km y0chiy0120 ea | |
| 101 | 0 | @achi |
| 102 | @aCN@b110000 | |
| 200 | 1 | @a2008全国硕士研究生入学统一考试政治理论考试大纲解析@A2008 quan guo shuo shi yan jiu sheng ru xue tong yi kao shi zheng zhi li lun kao shi da gang jie xi@f教育部社会科学司、教育部考试中心@Fjiao yu bu she hui ke xue si、jiao yu bu kao shi zhong xin |
| 210 | @a北京@c高等教育出版社@d2007.07 | |
| 215 | @a327页@d26cm | |
| 606 | 0 | @a政治 |
| 690 | @aDO@v4 | |
| 711 | 02 | @a教育部社会科学司、教育部考试中心@Ajiao yu bu she hui ke xue si、jiao yu bu kao shi zhong xin |
| 801 | 0 | @aCN@c20080620 |
| 905 | @dDO@eJ688 | |
| 2008全国硕士研究生入学统一考试政治理论考试大纲解析/教育部社会科学司、教育部考试中心.-北京:高等教育出版社,2007.07 |
| 327页;26cm |
| ISBN 7-04-021370-2:CNY38.00 |
| ● |
| 相关链接 |
|
|
|
正题名:2008全国硕士研究生入学统一考试政治理论考
索取号:DO/J688
 
预约/预借
| 序号 | 登录号 | 条形码 | 馆藏地/架位号 | 状态 | 备注 |
| 1 | 452347 | 204523471 | 社科库509/509社科库 66排8列4层/ [索取号:DO/J688] | 在馆 | |
| 2 | 452927 | 204529279 | 社科库509/ [索取号:DO/J688] | 在馆 |